000 00971cam a22002531i 4500
003 SA-RiAUC
005 20250820045724.0
008 250819s2014 le f 000r0 ara c
040 _aSA-RiAUC‏
_bara‏
_cSA-RiAUC
_erda
082 0 4 _a302.23
_qSA-RiAUC
090 _a302.23
_bف ر ح
100 1 _aفرح، محمد علي
_eمؤلف.
245 1 0 _aصناعة الواقع :
_bالإعلام وضبط المجتمع /
_cمحمد علي فرح.
264 1 _aلبنان :
_bالشبكة العربية للأبحاث والنشر،
_c2014.
300 _a259 صفحة،
_c24 سم
336 _aنص
_btxt
_2rdacontent
_3كتاب
337 _aبدون وسيط
_bn
_2rdamedia
338 _aمجلد
_bnc
_2rdacarrier
650 7 _aالإعلام
_xجوانب اجتماعية
_2aucsh
650 7 _aالإعلام
_xجوانب اجتماعية
_2aucsh
650 7 _aالضبط الاجتماعي
_2aucsh
942 _2ddc
_cBOOK
_n0
949 _aSA-JeALM
_d250819
_ueid123
_n1
999 _c10968
_d10968